Online katalóg knižníc regiónu Turca

Aká je to huba? (Record no. 20244)

MARC details
000 -LEADER
fixed length control field 01794nam a2200565 a 4500
001 - CONTROL NUMBER
control field 20244
003 - CONTROL NUMBER IDENTIFIER
control field VRT
005 - DATE AND TIME OF LATEST TRANSACTION
control field 20260120105825.0
008 - FIXED-LENGTH DATA ELEMENTS--GENERAL INFORMATION
fixed length control field 240314s2008 xo oa g 001 0 slo
015 ## - NATIONAL BIBLIOGRAPHY NUMBER
National bibliography number SNBA2009/11-05499
020 ## - INTERNATIONAL STANDARD BOOK NUMBER
International Standard Book Number 9788055119397
Qualifying information (brož.)
039 #9 - LEVEL OF BIBLIOGRAPHIC CONTROL AND CODING DETAIL [OBSOLETE]
Level of rules in bibliographic description 202403141352
Level of effort used to assign nonsubject heading access points VLOAD
Level of effort used to assign subject headings 201011021445
Level of effort used to assign classification mvkhe01
Level of effort used to assign subject headings 201010281027
Level of effort used to assign classification msnmk02
Level of effort used to assign subject headings 201001121317
Level of effort used to assign classification msnk36
040 ## - CATALOGING SOURCE
Original cataloging agency SNK
Language of cataloging slo
Transcribing agency SNK
Description conventions AACR2
041 1# - LANGUAGE CODE
Language code of text/sound track or separate title slo
Language code of original ger
044 ## - COUNTRY OF PUBLISHING/PRODUCING ENTITY CODE
MARC country code xo
ISO country code SK
072 #7 - SUBJECT CATEGORY CODE
Subject category code 58
Subject category code subdivision Botanika
Source konspekt
080 ## - UNIVERSAL DECIMAL CLASSIFICATION NUMBER
Universal Decimal Classification number 582.282/.284
Edition identifier 2001
080 ## - UNIVERSAL DECIMAL CLASSIFICATION NUMBER
Universal Decimal Classification number 581.9
Edition identifier 2001
080 ## - UNIVERSAL DECIMAL CLASSIFICATION NUMBER
Universal Decimal Classification number (4)
Edition identifier 2001
080 ## - UNIVERSAL DECIMAL CLASSIFICATION NUMBER
Universal Decimal Classification number (084.42)
Edition identifier 2001
100 1# - MAIN ENTRY--PERSONAL NAME
Personal name Gminder, Andreas
Relationship aut
240 10 - UNIFORM TITLE
Uniform title Welcher Pilz ist das?
Language of a work Slovensky
245 10 - TITLE STATEMENT
Title Aká je to huba?
Statement of responsibility, etc. [Andreas Gminder, Tanja Böhningová ; z nemeckého originálu preložila Emília Činčurová]
250 ## - EDITION STATEMENT
Edition statement [1. vyd.]
260 ## - PUBLICATION, DISTRIBUTION, ETC.
Place of publication, distribution, etc. Bratislava
Name of publisher, distributor, etc. Ikar
Date of publication, distribution, etc. 2009
300 ## - PHYSICAL DESCRIPTION
Extent 320 s.
Other physical details fareb. fotogr. a ilustr.
Dimensions 20 cm
490 1# - SERIES STATEMENT
Series statement Nový sprievodca prírodou
500 ## - GENERAL NOTE
General note Náz. z obalu
504 ## - BIBLIOGRAPHY, ETC. NOTE
Bibliography, etc. note Reg.
650 07 - SUBJECT ADDED ENTRY--TOPICAL TERM
Topical term or geographic name entry element huby
Source of heading or term SNKPH
650 07 - SUBJECT ADDED ENTRY--TOPICAL TERM
Topical term or geographic name entry element flóra
Geographic subdivision Európa
Source of heading or term SNKPH
650 07 - SUBJECT ADDED ENTRY--TOPICAL TERM
Topical term or geographic name entry element Mushrooms
Source of heading or term SNKPHeng
650 07 - SUBJECT ADDED ENTRY--TOPICAL TERM
Topical term or geographic name entry element Flora
Geographic subdivision Europe
Source of heading or term SNKPHeng
655 #7 - INDEX TERM--GENRE/FORM
Genre/form data or focus term atlasy
Source of term SNKPH
655 #7 - INDEX TERM--GENRE/FORM
Genre/form data or focus term Atlases
Source of term SNKPHeng
700 1# - ADDED ENTRY--PERSONAL NAME
Personal name Böhning, Tanja,
Dates associated with a name 1969-
Relationship aut
700 1# - ADDED ENTRY--PERSONAL NAME
Personal name Činčurová, Emília
Relationship trl
830 #0 - SERIES ADDED ENTRY--UNIFORM TITLE
Uniform title Nový sprievodca prírodou
910 ## - USER-OPTION DATA (OCLC)
User-option data snk
910 ## - USER-OPTION DATA (OCLC)
User-option data savuk
910 ## - USER-OPTION DATA (OCLC)
User-option data snmk
910 ## - USER-OPTION DATA (OCLC)
User-option data hevk
942 ## - ADDED ENTRY ELEMENTS (KOHA)
Source of classification or shelving scheme Dewey Decimal Classification
Koha item type Odborná literatúra pre dospelých
Suppress in OPAC No
949 ## - LOCAL PROCESSING INFORMATION (OCLC)
6 273K0507692
a svkpoA 204331
b svkpo516200
949 ## - LOCAL PROCESSING INFORMATION (OCLC)
6 0133094967
a snmk
b snmk94967
949 ## - LOCAL PROCESSING INFORMATION (OCLC)
6 2889147979
a savukM 109939
b savuk2009/2104
949 ## - LOCAL PROCESSING INFORMATION (OCLC)
6 17A0623849
a snkSD 78292
b snk2009/11063
o 1421/09
949 ## - LOCAL PROCESSING INFORMATION (OCLC)
6 17A0624981
a snkSD 78292 D1
b snk2009/12168
o 1421/09
980 ## - EQUIVALENCE OR CROSS-REFERENCE-SERIES STATEMENT--PERSONAL NAME/TITLE [LOCAL, CANADA]
Personal name 582.282/.284
Holdings
Stav vyradenia Strata Poškodenie Spôsob nadobudnutia Domovská knižnica Aktuálna knižnica Dátum nadobudnutia Total checkouts Čiarový kód exemplára Date last seen Typ exemplára
      Dar Obecná knižnica Horná Štubňa Obecná knižnica Horná Štubňa 20.01.2026   4736200260 20.01.2026 Odborná literatúra pre dospelých
Projekt je podporený Slovenskou asociáciou knižníc
Prevádzkuje Turčianska knižnica Martin 2026